Bevölkerungsreichste Haupstädte der Welt - Statistiken

Allgemein
  • Dieses Quiz wurde 176 mal gespielt
    139 seit der letzten Aktualisierung
  • Das Durchschnittsergebnis liegt bei 12 aus 19
Antwortstatistiken
Einwohner Stadt % Korrekt
41.0 Mio. Tokio
95%
21.2 Mio. Peking
89%
11.5 Mio. Paris
88%
19.1 Mio. Moskau
83%
14.9 Mio. London
82%
25.1 Mio. Mexiko-Stadt
80%
29.2 Mio. Jakarta
67%
16.7 Mio. Buenos Aires
65%
22.5 Mio. Kairo
64%
21.2 Mio. Bangkok
61%
25.1 Mio. Seoul
61%
16.5 Mio. Teheran
57%
27.2 Mio. Manila
54%
22.5 Mio. Dhaka
51%
10.4 Mio. Bogota
47%
11.8 Mio. Lima
44%
15.6 Mio. Kinshasa
35%
9.95 Mio. Taipeh
26%
9.35 Mio. Luanda
18%
Keine übereinstimmenden Quizze gefunden
Verteilung der Resultate
Anzahl Personen mit jedem Resultat
Perzentil nach korrekt beantworteten Fragen
Ihre Resultats-Entwicklung
Sie haben dieses Quiz seit der letzten Aktualisierung nicht gespielt